000 00837nam a2200265Ia 4500
003 OSt
005 20260417173159.0
006 a|||||r|||| 00| 0
007 ta
008 220926b |||||||| |||| 00| 0 eng d
024 _a84986
037 _cTheses
040 _aCRL
_cCRL
_beng
041 _2eng
_aeng
100 _aSahoo Bibhu Prasad
110 _aUniversity of Delhi. Faculty of Commerce and Business. Department of Commerce
245 0 _aRisk management in Indian public sector banks
260 _aDelhi
_bUniversity of Delhi India
_c2005
300 _a428p.
_ap.
_ccm.
650 _aCOMMERCE
700 _a Jawahar Lal Gu.
_9535711
700 _aUniversity of Delhi. Faculty of Commerce and Business. Department of Commerce
942 _cTH
_2CC
999 _c869160
_d869160